000 00307nam a2200121Ia 4500
008 191201s2013 xx 000 0 und d
100 _aTANENBAUM,Andrew S
245 0 _aOperating Systems Design and Implementation
250 _aIMP 3rd
260 _c2013
_bPHI
_aNew Delhi
300 _a1054
942 _2ddc
_cBK
999 _c7919
_d7919